000 00589nam a2200181 a 4500
001 000022702
005 20200930021740.0
008 101115s1972 sp r 000 0 spa d
040 _aDO-SdBNP
_bspa
_cBNPHU
082 _axxxx
_bB622
100 1 _aBisonó, Julia,
_d1945
_946669
245 1 0 _aCapítulo XXi planta física y funcional /
_cJulia Bisonó.
260 _aSanto Domingo :
_bEditora Cultural Dominicana,
_c1972.
300 _a399 p. ;
_c19 cm.
500 _aIncluye bibliografía.
504 _aIncluye referencias bibliográficas y notas al pie de las páginas.
049 _aBNGR
999 _c22199
_d22199